| 000 | 00534cam a22002171 4500 | ||
|---|---|---|---|
| 001 | sa 67002937 | ||
| 003 | DLC | ||
| 005 | 20260227112334.0 | ||
| 008 | 890403s1965 xx 000 0 urdo | ||
| 010 | _asa 67002937 | ||
| 035 | _a(OCoLC)23566850 | ||
| 040 |
_aDLC _cMiU _dDLC |
||
| 042 | _apremarc | ||
| 050 | 0 | 0 |
_aDS427 _b.N8 |
| 100 | 1 |
_aNūr, Aḥmad, _eed. |
|
| 245 | 1 | 0 | _aMārshal lā se mārshal lā tak. |
| 260 | _c[1965] | ||
| 300 |
_a524 p. _billus., ports. _c23 cm. |
||
| 500 | _aRomanized. | ||
| 650 | 0 |
_aMuslims _zIndia |
|
| 999 |
_c73538 _d73538 |
||